Situación actual y perspectivas de la enseñanza de la demografía en México -versión preliminar- /

Sparad:
Bibliografiska uppgifter
Huvudupphovsman: Lerner, Susana
Övriga upphovsmän: López, Elsa
Materialtyp: Text
Publicerad: San José: PROLAP. CELADE
Taggar: Lägg till en tagg
Inga taggar, Lägg till första taggen!

MARC

LEADER 00000 a a2200000 04500
001 21859
003
040
090 |a 025700  
100 |a Lerner, Susana  
245 |a Situación actual y perspectivas de la enseñanza de la demografía en México -versión preliminar- /  |c Susana Lerner 
260 |a San José:   |b PROLAP. CELADE  
300 |a 25 p.  
700 |a López, Elsa  
999 |c 11159  |d 11159